000 00449nam a2200157Ia 4500
008 210423s1996 xx 000 0 und d
041 _aeng
082 _a155 SUHD
100 _aSUHAIL (Shaizad);BAPAT (Ashminee)
245 _aDevelopment psychology
260 _aMumbai
_bHimalaya Publishing House
_c1996
365 _b250
_cINR
650 _aDifferential & Developmental Psychology
650 _aPsychology
906 _aDevelopment ; psychology
999 _c172701
_d172701